000
00288nam a22001337a 4500
008
171102b xxu||||| |||| 00| 0 eng d
020
_a
9780131429116
041
_a
eng
080
_a
33
100
_a
59
101
_a
BUS
245
_a
ELECTRONIC COMERCE
_c
TURBAN.T
942
_2
udc
_c
BK
999
_c
37212
_d
37212